000
00287nam a2200121Ia 4500
008
170620s9999 xx 000 0 und d
100
_a
WILLARD-MERRITT
245
0
_a
INDUSTRIAL MTHOD OF ANAJYSIS
260
_b
CBS
260
_c
1986
300
_a
895
546
_a
English
690
_a
INDUSTRIAL MTHOD OF ANAJYSIS
999
_c
30584
_d
30584